Solar Technologies for Buildings / (Record no. 15110)
[ view plain ]
| 000 -LEADER | |
|---|---|
| fixed length control field | 01581cam a2200373 a 4500 |
| 001 - CONTROL NUMBER | |
| control field | 13352300 |
| 005 - DATE AND TIME OF LATEST TRANSACTION | |
| control field | 20040122210122.0 |
| 008 - FIXED-LENGTH DATA ELEMENTS--GENERAL INFORMATION | |
| fixed length control field | 030925s2003 enka b 001 0 eng |
| 010 ## - LIBRARY OF CONGRESS CONTROL NUMBER | |
| LC control number | 2003273489 |
| 015 ## - NATIONAL BIBLIOGRAPHY NUMBER | |
| National bibliography number | GBA3-Y8260 |
| 020 ## - INTERNATIONAL STANDARD BOOK NUMBER | |
| International Standard Book Number | 047148637X |
| 035 ## - SYSTEM CONTROL NUMBER | |
| System control number | (OCoLC)ocm51668009 |
| 040 ## - CATALOGING SOURCE | |
| Original cataloging agency | UKM |
| Transcribing agency | UKM |
| Modifying agency | TEF |
| -- | DLC |
| 041 1# - LANGUAGE CODE | |
| Language code of text/sound track or separate title | eng |
| Language code of original and/or intermediate translations of text | ger |
| 042 ## - AUTHENTICATION CODE | |
| Authentication code | lccopycat |
| 050 00 - LIBRARY OF CONGRESS CALL NUMBER | |
| Classification number | TH7413 |
| Item number | .E3313 2003 |
| 082 00 - DEWEY DECIMAL CLASSIFICATION NUMBER | |
| Classification number | 621.47 |
| Edition number | 22 |
| Item number | EIC |
| 100 1# - MAIN ENTRY--PERSONAL NAME | |
| Personal name | Eicker, Ursula. |
| 9 (RLIN) | 23047 |
| 245 10 - TITLE STATEMENT | |
| Title | Solar Technologies for Buildings / |
| Statement of responsibility, etc | Ursula Eicker. |
| 260 ## - PUBLICATION, DISTRIBUTION, ETC. (IMPRINT) | |
| Place of publication, distribution, etc | Chichester ; |
| -- | Hoboken, NJ : |
| Name of publisher, distributor, etc | Wiley, 2003 |
| Date of publication, distribution, etc | c2003. |
| 300 ## - PHYSICAL DESCRIPTION | |
| Extent | xii, 323 p. : |
| Other physical details | ill. ; |
| Dimensions | 26 cm. |
| 500 ## - GENERAL NOTE | |
| General note | Originally published as: Solare Technologien f�ur Geb�aude. Stuttgart : B.G. Teubner, 2001. |
| 504 ## - BIBLIOGRAPHY, ETC. NOTE | |
| Bibliography, etc | Includes bibliographical references (p. 316-319) and index. |
| 546 ## - LANGUAGE NOTE | |
| Language note | Translated from the German. |
| 650 #0 - SUBJECT ADDED ENTRY--TOPICAL TERM | |
| Topical term or geographic name as entry element | Solar buildings. |
| 9 (RLIN) | 23048 |
| 650 #0 - SUBJECT ADDED ENTRY--TOPICAL TERM | |
| Topical term or geographic name as entry element | Solar air conditioning. |
| 9 (RLIN) | 23049 |
| 650 #0 - SUBJECT ADDED ENTRY--TOPICAL TERM | |
| Topical term or geographic name as entry element | Solar heating. |
| 9 (RLIN) | 23050 |
| 653 ## - INDEX TERM--UNCONTROLLED | |
| Resource For college | |
| Arrived date list | April2011 |
| 856 42 - ELECTRONIC LOCATION AND ACCESS | |
| Materials specified | Publisher description |
| Uniform Resource Identifier | <a href="http://www.loc.gov/catdir/description/wiley041/2003273489.html">http://www.loc.gov/catdir/description/wiley041/2003273489.html</a> |
| 856 41 - ELECTRONIC LOCATION AND ACCESS | |
| Materials specified | Table of contents |
| Uniform Resource Identifier | <a href="http://www.loc.gov/catdir/toc/wiley041/2003273489.html">http://www.loc.gov/catdir/toc/wiley041/2003273489.html</a> |
| 942 ## - ADDED ENTRY ELEMENTS (KOHA) | |
| Source of classification or shelving scheme | Dewey Decimal Classification |
| Item type | Book - Borrowing |
| Withdrawn status | Item status | Source of classification or shelving scheme | Damaged status | Not for loan | Vendor | Home library | Current library | Shelving location | Date acquired | Source of acquisition | Cost, normal purchase price | Serial Enumeration / chronology | Total Checkouts | Total Renewals | Full call number | Barcode | Checked out | Date last seen | Date last borrowed | Koha item type |
|---|---|---|---|---|---|---|---|---|---|---|---|---|---|---|---|---|---|---|---|---|
| Dewey Decimal Classification | Baccah | Central Library | Central Library | First floor | 14/04/2011 | 888.00 | 11997 | 3 | 8 | 621.47 EIC | 000023242 | 30/06/2014 | 05/12/2012 | 05/12/2012 | Book - Borrowing |